| 000 | 00421nam a2200169Ia 4500 | ||
|---|---|---|---|
| 008 | 180424s9999 xx 000 0 und d | ||
| 084 | _a614 R7 | ||
| 100 | _a"Rameshwari Pandya, " | ||
| 245 | 0 | _aHealth Family Planning and Nutrition in India | |
| 250 | _a\\200900ENGGPSX | ||
| 260 | _aNCBH | ||
| 260 | _b2009 | ||
| 260 | _cNew Delhi | ||
| 300 | _a548p. | ||
| 500 | _aincludes index and biblioraphy | ||
| 942 | _cBK | ||
| 999 |
_c85624 _d85624 |
||